LEADER 00731nam0-22002771i-450- 001 990003312300403321 005 20111207170110.0 035 $a000331230 035 $aFED01000331230 035 $a(Aleph)000331230FED01 035 $a000331230 100 $a20030910d1963----km-y0itay50------ba 101 0 $aeng 102 $aGB 105 $ay-------001yy 200 1 $a<>poetical works$fWilliam Cowper 210 $aOxford$cOxford University Press$d1963 676 $a710 700 1$aCowper,$bWilliam$0131532 801 0$aIT$bUNINA$gRICA$2UNIMARC 901 $aBK 912 $a990003312300403321 952 $a710 COW /1$bLINGUE 032935-0340$fDECLI 959 $aDECLI 996 $aPoetical works$9446888 997 $aUNINA LEADER 01901oam 2200517 450 001 9910712190603321 005 20190419105234.0 035 $a(CKB)5470000002490202 035 $a(OCoLC)1048000156 035 $a(EXLCZ)995470000002490202 100 $a20180807d1957 ua 0 101 0 $aeng 135 $aur||||||||||| 181 $ctxt$2rdacontent 182 $cc$2rdamedia 183 $acr$2rdacarrier 200 10$aSurface water supply of the United States, 1955$hPart 12$iPacific slope basins in Washington and upper Columbia River Basin /$fprepared under the direction of J.V.B. Wells 210 1$a[Washington, D.C.] :$cUnited States Department of the Interior, Geological Survey,$d1957. 210 1$aWashington :$cUnited States Government Printing Office. 215 $a1 online resource (ix, 333 pages) $cillustrations, maps 225 1 $aGeological Survey water-supply paper ;$v1396 300 $a"Prepared in cooperation with the States of Idaho, Montana, and Washington, and with other agencies." 300 $aIncludes index. 606 $aWater-supply$zWashington (State)$zPacific Coast 606 $aWater quality$zColumbia River Watershed 606 $aWater quality$zWashington (State)$zPacific Coast 606 $aWater quality$2fast 606 $aWater-supply$2fast 607 $aUnited States$zColumbia River Watershed$2fast 607 $aWashington (State)$zPacific Coast$2fast 615 0$aWater-supply 615 0$aWater quality 615 0$aWater quality 615 7$aWater quality. 615 7$aWater-supply. 700 $aWells$b J. V. B.$01385991 712 02$aGeological Survey (U.S.), 801 0$bCOP 801 1$bCOP 801 2$bOCLCO 801 2$bOCLCF 801 2$bGPO 906 $aBOOK 912 $a9910712190603321 996 $aSurface water supply of the United States, 1955$93434530 997 $aUNINA